000 01479nam a2200337 a 4500
001 000028697
003 DO-SdBNP
005 20260202100102.0
007 ta
008 110411s2010 dr 000 0 spa d
020 _a9789945469158
040 _aDO-SdBNP
_bspa
_cBNPHU
082 4 _aRD861.4409
_bR789m
_222
100 1 _aRosario Candelier, Bruno,
_d1941-
_9851
245 1 3 _aLa mística en América :
_bcontemplación, poesía y espiritualidad /
_cBruno Rosario Candelier.
260 _aSanto Domingo :
_bAteno Insular,
_c2010.
_fBúho
300 _a510 p. ;
_c23 cm.
490 1 _aPor las amenas liras
_v7
500 _aIncluye datos biográficos del autor en la solapa.
500 _aBibliografía y notas al final de capítulos.
505 0 _gIntroducción: En torno a la mística literaria --
_tLa mística conventual --
_tLa lírica mística en Norteamérica --
_tLa lírica mística en Centroamérica --
_tLa lírica mística en Suramérica --
_tLa lírica mística en Las Antillas --
_gConclusión:
_tLa idea de Dios en la creatividad.
590 _aInventariado, 2019/LP
650 4 _aPoesía dominicana
_xHistoria y crítica
_913072
650 4 _aLiteratura dominicana
_xHistoria y crítica
_9159
650 4 _aMisticismo
_xEnsayos, conferencias, etc.
_955684
650 4 _aReligión en la literatura
_91109
650 0 _aReligión y poesía
_955685
830 0 _aPor las amenas liras
_n7
_955686
910 _aValidado. Control de calidad EMS
942 _2ddc
_cLBS1
999 _c28189
_d28189